Statistics for English Football League 2

Click here to take the quiz!

General Stats

  • This quiz has been taken 16 times
  • The average score is 13 of 24

Answer Stats

Answer% Correct
Accrington
69%
Colchester
69%
Crewe
69%
Doncaster
69%
Notts County
69%
Barnet
63%
Exeter
63%
Plymouth
63%
Carlisle
56%
Hartlepool
56%
Leyton Orient
56%
Morecambe
56%
Yeovil
56%
Grimsby
50%
Luton
50%
Mansfield
50%
Newport
50%
Wycombe
50%
Cheltenham
44%
Portsmouth
44%
Stevenage
44%
Blackpool
31%
Crawley Town
25%
Cambridge Utd
13%

Score Distribution

Percentile by Number Answered

Percent of People with Each Score

Your Score History

You have not taken this quiz